Tìm hiểu việc sử dụng phương pháp thảo luận trong dạy học môn Khoa học lớp 4, 5 ở bậc Tiểu học
Lý luận và thực tiễn của việc sử dụng phương pháp thảo luận trong dạy học môn Khoa học lớp 4, 5 ở bậc Tiểu học. Tìm hiểu tình hình thực tế của việc sử dụng phương pháp thảo luận trong dạy học môn Khoa học lớp 4, 5. Xây dựng một số giáo án dạy học môn Khoa học lớp 4, 5 nhằm minh họa cách tổ chức, hướ...
সংরক্ষণ করুন:
| প্রধান লেখক: | |
|---|---|
| অন্যান্য লেখক: | |
| বিন্যাস: | গ্রন্থ |
| ভাষা: | Vietnamese |
| প্রকাশিত: |
Đà Nẵng
Đại học Sư phạm, Đại học Đà Nẵng
2012
|
| বিষয়গুলি: | |
| ট্যাগগুলো: |
ট্যাগ যুক্ত করুন
কোনো ট্যাগ নেই, প্রথমজন হিসাবে ট্যাগ করুন!
|
| Thư viện lưu trữ: | Mạng thư viện Đại học Đà Nẵng |
|---|
| LEADER | 02025nam a2200325 4500 | ||
|---|---|---|---|
| 001 | 000016796 | ||
| 003 | 13205 | ||
| 005 | 20130104100116.0 | ||
| 008 | 121227s2012 viesd | ||
| 041 | 0 | |a vie | |
| 082 | |a 372.35 |b NG-T | ||
| 100 | 1 | |a Nguyễn Thị Hoài Thanh | |
| 245 | 0 | |a Tìm hiểu việc sử dụng phương pháp thảo luận trong dạy học môn Khoa học lớp 4, 5 ở bậc Tiểu học |c Nguyễn Thị Hoài Thanh | |
| 260 | |a Đà Nẵng |b Đại học Sư phạm, Đại học Đà Nẵng |c 2012 | ||
| 300 | |a 75 tr., phụ lục 47 tr. |b Hình ảnh, biểu đồ |c 29 cm. |e Đĩa CD, tài liệu tóm tắt | ||
| 500 | |a Khóa luận tốt nghiệp đại học. Chuyên ngành: Sư phạm Tiểu học | ||
| 504 | |a Mục lục đầu trang, tài liệu tham khảo tr. 73 - 74, phụ lục [13 tr.] | ||
| 520 | |a Lý luận và thực tiễn của việc sử dụng phương pháp thảo luận trong dạy học môn Khoa học lớp 4, 5 ở bậc Tiểu học. Tìm hiểu tình hình thực tế của việc sử dụng phương pháp thảo luận trong dạy học môn Khoa học lớp 4, 5. Xây dựng một số giáo án dạy học môn Khoa học lớp 4, 5 nhằm minh họa cách tổ chức, hướng dẫn học sinh thảo luận. Thực nghiệm sư phạm nhằm kiểm chứng hiệu quả của việc sử dụng phương pháp thảo luận trong dạy học môn Khoa học lớp 4, 5. | ||
| 653 | |a Khoa Tiểu học Mầm Non | ||
| 700 | |a Nguyễn Khánh Tấn |c Th.S |e Hướng dẫn | ||
| OWN | |a LSP | ||
| AVA | |a UDN50 |b LSP |d 372.35 NG-T |e available |t Error 5001 Not defined in file expand_doc_bib_avail. |f 1 |g 0 |h N |i 0 |k 1 | ||
| 999 | |a From the UDN01 | ||
| AVA | |a UDN50 |b LSP |d 372.35 NG-T |e available |t Error 5001 Not defined in file expand_doc_bib_avail. |f 1 |g 0 |h N |i 0 |k 1 | ||
| TYP | |a Monograph | ||
| TYP | |a Printed language | ||
| 980 | |a Mạng thư viện Đại học Đà Nẵng | ||